Music Quiz

Random Music or Artist Quiz
Score 0/26 Timer 05:00
0 Plays Today
% Correct
The Beatles
98.9%
The Doors
88.9%
Queen
87.8%
Fleetwood Mac
80.8%
Led Zeppelin
75.9%
Eagles
69.4%
Roy Orbison
67.3%
Frank Zappa
65.7%
The Who
64.9%
U2
64.6%
The Kinks
63.3%
Heart
61%
Crosby Stills Nash & Young
58%
% Correct
The Animals
57.5%
Genesis
48.9%
The Yardbirds
48%
Rush
47.7%
Pink Floyd
44.9%
The Velvet Underground & Nico
44%
Jefferson Airplane
33.8%
Van Morrison
25.6%
Iron Butterfly
16.1%
Harry Nilsson
15%
XTC
13.8%
Traffic
13.1%
Supertramp
8%
Remove Ads.
Support Sporcle.
Get the best of Sporcle when you Go Orange. This ad-free experience offers more features, more stats, and more fun while also helping to support Sporcle. Thank you for becoming a member.

You're not logged in!

Compare scores with friends on all Sporcle quizzes.
OR
Log In

Show Comments

Extras

Top Quizzes Today


Score Distribution

Your Account Isn't Verified!

In order to create a playlist on Sporcle, you need to verify the email address you used during registration. Go to your Sporcle Settings to finish the process.

Report this User

Report this user for behavior that violates our Community Guidelines.

Details: